000 00921nam a2200205Ia 4500
003 GCL
008 140319s9999 xx 000 0 ara d
020 _a2 461 85516 1
040 _aGCL /
_cGCL
082 0 4 _a321.00956
_bب ت
100 1 _aالبنك الدولى
245 1 0 _aتقرير عن التنمية فى الشرق الاوسط وشمال افريقيا : ادارة حكم افضل لأجل التنمية فى الشرق الاوسط وشمال افريقيا :
_bتعزيز التضمينية والمساءلة /
_cالبنك الدولى
260 _aبيروت :
_bالبنك الدولى ،
_c2004
300 _a405 ص ؛
_c28 سم
650 0 4 _aالتجارة الخارجية
650 0 4 _aالشرق الاوسط - الاقتصاد
650 0 4 _aالشرق الاوسط - الاحوال السياسية
650 0 4 _aافريقيا - الاحوال الاقتصادية
942 _2ddc
_cBK
999 _c33430
_d33430